| 000 | 00694nam a2200265Ia 4500 | ||
|---|---|---|---|
| 003 | OSt | ||
| 005 | 20221007110017.0 | ||
| 006 | a|||||r|||| 00| 0 | ||
| 007 | ta | ||
| 008 | 221006b |||||||| |||| 00| 0 eng d | ||
| 020 | _a9780199299775 | ||
| 024 | _a20,123 | ||
| 037 | _cTextual | ||
| 040 |
_aLCO _cLCO _beng |
||
| 041 |
_2eng _aeng |
||
| 082 | _aZ2,267, P8 | ||
| 100 |
_aLloyd Ian J. _9478921 |
||
| 245 | 0 | _aInformation Technology Law | |
| 250 | _a5th | ||
| 260 |
_aNew _bYork Oxford University Press U.S.A. _c2008 |
||
| 300 | _a597 | ||
| 650 |
_aINFORMATION TECHNOLOGY LAW _9707013 |
||
| 942 |
_hZ2,267, P8 _cTEXL |
||
| 999 |
_c1189686 _d1189686 |
||